000 05478nam a2200529Ia 4500
001 dia_6912
003 CHAP
005 20240626145154.0
007 ta
008 220117s2018 mx ado frm 001 0 spa d
010 _a178106
040 _cCHAP
_amxchpua
_erda
041 0 _aspa
_beng
090 _aTesis
_bP43
_c2018
100 1 _aPedroza Pedroza, Dulce María
240 1 0 _aPhysicochemical properties and viscoélastic of emulsions with different fractions of milk fat stabilized with biopolimeric complexes.
_lEspañol
245 1 0 _aPropiedades fisicoquímicas y viscoelásticas de emulsiones de distintas fracciones de grasa láctea estabilizadas con complejos biopoliméricos solubles /
_cDulce María Pedroza Pedroza
264 _aChapingo, México :
_bEl autor,
_c2018
300 _axii, 87 hojas :
_bilustraciones, gráficas, diagramas, tablas, fotos +
_e1 CD-ROM
336 _2rdacontent
_atexto
_btxt
337 _2rdamedia
_ano mediado
_bn
338 _2rdacarrier
_avolumen
_bnc
500 _aEl CD contiene reporte y artículo
502 _aTesis
_b(Maestro en Ciencias en Ciencia y Tecnología Agroalimentaría) --
_cUACh. Departamento de Ingeniería Agroindustrial,
_d2018
504 _aIncluye bibliografías
520 3 _aComo estrategia nutricional en la sustitución de grasa, se han utilizado aceites vegetales que pese a tener un perfil con menores ácidos grasos saturados, los atributos sensoriales se han demeritado. Otro inconveniente es que la reducción de lípidos, en algunos alimentos, conlleva a la utilización de polisacáridos, lo que conlleva al aumentando de la respuesta glucémica. Para favorecer un perfil saludable en la grasa láctea y disminuir el uso de polisacáridos, en este trabajo se tuvo como objetivos el utilizar la técnica de fraccionamiento en grasa láctea y obtener 3 fracciones composicionalmente diferentes, las cuales estarán dispersas en una emulsión O/W. utilizando como emulsionantes/estabilizantes complejos solubles formados por la interacción proteína de lactosuero:goma de mezquite (WPH:GM; 10% p/p, pH 3.5, 1:1). Las 3 fracciones obtenidas presentaron puntos de fusión diferenciados con la grasa láctea (18.48 a 39.79 °C). Las emulsiones O/W (?:0.3) no mostraron diferencia significativa (p ? 0.05) para la viscosidad aparente. Fueron estables hasta por 6 días a 5 ± 1 °C con diámetro promedio superficial entre 3.0 a 3.14 ?m en las primeras 24 horas de almacenamiento. La viscosidad no estuvo afectada por el punto de fusión de la fase oleosa más su comportamiento elástico estuvo relacionado con el contenido de ácidos grasos insaturados. La actividad interfacial no se vio afectada por el ordenamiento de la grasa láctea a la que está sujeta a 5 ± 1 °C, incrementado la posibilidad de utilización de este tipo de emulsiones en alimentos congelados. --
520 3 _a Using like nutritional strategy for substitution of fat, has been used vegetal oil. Although contains less saturated fatty acids, the sensorial attributes decreased. Another inconvenient is that utilization of polysaccharides for the reduction of fat, implies an increase in the glycemic response. Trying to favoring a healthy profile in milk fat and diminish the use of polysaccharides, the aim in this work was to use a double dry fractionation process to obtain 3 compositionally different fractions of milk fat, each one will be dispersed in an emulsion O/W. Stability of emulsions was verify using soluble complexes, formed by the interaction of whey protein hidrolysate and mesquite gum (WPH: GM), like interfacial particles for milk fat droplets. The obtained fractions have a different melting point (18.48 to 39.79 °C). The relation WPH: GM for the emulsification of milk fat fractions was 1:1 with pH 3.5 and 10% solids. The viscosity for emulsions O/W (?: 0.3) with different milk fat fractions weren´t significantly different (p ? 0.05). Maintained 6 days of stability at 5 ±1 °C. The superficial mean diameter D(3,2) was between 3.0 and 3.14 ?m in the first 24 hours of storage. The obtained results for viscoelasticity, suggests than the mechanical properties obtained in the emulsions were for the protector effect in the interface by the biopolymer complexes and not for the thermal properties in the fractions. The utilization of soluble complexes stabilize the milk fat fractions, with a mean coalescence rate of 2.45x10-07 for the treatments until the crystallization of milk fat at 5°C . Increasing the possibility of utilization of these emulsions in frozen foods.
650 1 3 _aBiopolímeros
_2atg
650 1 3 _aEmulsiones
_xPropiedades fisicoquímicas
_2atg
650 1 3 _aEmulsiones
_xViscoelasticidad
_2atg
650 1 3 _aEvaluación sensorial de los alimentos
_2atg
650 1 3 _aGrasa láctea
_2atg
650 1 3 _aBiopolymers
_2atg
650 1 3 _aEmulsions
_xPhysicochemical properties
_2atg
650 1 3 _aEmulsions
_xViscoelasticity
_2atg
650 1 3 _aMilk fat
_2atg
650 1 3 _aSensory evaluation
_2atg
700 1 _aHernández Rodríguez, Landy
_easesora
700 1 _aLobato Calleros, Consuelo Silvia Olivia
_edirectora
700 1 _aSandoval Castilla, Ofelia
_easesora
856 4 1 _uhttp://10.13.5.2/tesis/sist114736.pdf
_yDESCARGAR PDF
901 _aTESIS P43 2018
902 _aM
905 _a5232272018 mx nmdl8223123322spa16
942 _cTESIS
_2Clasificación Universidad Autónoma Chapingo
999 _c178106
_d178106